000 00708nam a22002057a 4500
008 250829b |||||||| |||| 00| 0 eng d
020 _a9781781254622
040 _aCUZ
_beng
_crda
_dCUZ
_erda
050 _aT174.M44MEG
245 _aMegatech:
_btechnology in 2050
_cedited by Daniel Franklin
264 _aNew York
_bThe economist books
_c©2017
300 _aextent vii,242pages
336 _atext
_btxt
337 _aunmediated
_bn
338 _2rdacarrier
500 _aincludes index
650 _aTechnological forecasting
_aTechnological innovations Economic aspects
_a Technology Social aspects
942 _cOS
_i174.M44MEG
_kT
999 _c45363
_d45363